The dating game (Record no. 72875)
[ view plain ]
| 000 -LEADER | |
|---|---|
| fixed length control field | 00850cam a2200205 4500 |
| 001 - CONTROL NUMBER | |
| control field | ABS66776 |
| 008 - FIXED-LENGTH DATA ELEMENTS--GENERAL INFORMATION | |
| fixed length control field | 030618n2003 000 0 eng u |
| 035 ## - SYSTEM CONTROL NUMBER | |
| System control number | (Sirsi) u122642 |
| 100 ## - MAIN ENTRY--PERSONAL NAME | |
| Personal name | Ambrose, J. |
| 245 #4 - TITLE STATEMENT | |
| Title | The dating game |
| 260 ## - PUBLICATION, DISTRIBUTION, ETC. | |
| Date of publication, distribution, etc. | 2003 |
| 490 ## - SERIES STATEMENT | |
| Series statement | RICS Building Control |
| Volume/sequential designation | (141) June 2003, 12-14(3) |
| 520 ## - SUMMARY, ETC. | |
| Summary, etc. | Looks at how property defects can sometimes be predicted by a building's age. However, dating a building can be complicated by alterations to its fabric. Gives some indicators to aid identification of the period of a building and advises caution when dealing with doubts over the structure. |
| 590 ## - LOCAL NOTE (RLIN) | |
| Local note | ABS |
| 650 ## - SUBJECT ADDED ENTRY--TOPICAL TERM | |
| Topical term or geographic name entry element | BUILDING DEFECTS |
| 650 ## - SUBJECT ADDED ENTRY--TOPICAL TERM | |
| Topical term or geographic name entry element | BUILDING ALTERATIONS |
| 650 ## - SUBJECT ADDED ENTRY--TOPICAL TERM | |
| Topical term or geographic name entry element | DATING BUILDINGS |
| 690 ## - LOCAL SUBJECT ADDED ENTRY--TOPICAL TERM (OCLC, RLIN) | |
| Topical term or geographic name as entry element | BUILT ENVIRONMENT-BUILDING MAINTENANCE AND REFURBISHMENT-BUILDING CONSERVATION |
| 942 ## - ADDED ENTRY ELEMENTS (KOHA) | |
| Suppress in OPAC | 0 |
| Withdrawn status | Lost status | Source of classification or shelving scheme | Damaged status | Not for loan | Home library | Current library | Shelving location | Date acquired | Total Checkouts | Full call number | Barcode | Date last seen | Copy number | Price effective from | Koha item type |
|---|---|---|---|---|---|---|---|---|---|---|---|---|---|---|---|
| Dewey Decimal Classification | London | London | Journal article | 18/06/2003 | ABS66776 | 122642-1001 | 06/08/2019 | 1 | 06/08/2019 | Journal article |